| 000 | 00981nas a2200337 4500 | ||
|---|---|---|---|
| 001 | BR0305791 | ||
| 003 | BR-BrBNA | ||
| 005 | 20231205104159.0 | ||
| 007 | ta | ||
| 008 | 230509b bl.|||p| |||| 00| 00por d | ||
| 040 |
_aBR-BrBNA _bpor _cBiblioteca Nacional de Agricultura |
||
| 041 | _a(Pt) | ||
| 072 | _aE70; L70 | ||
| 100 | 1 | _aRodrigues, N.C. | |
| 100 | 1 | _aFallavena, L.C.B. | |
| 100 | 1 | _aPianta, C. | |
| 100 | 1 | _aChiminazzo, C. | |
| 100 | 1 | _aRibeiro, L.A.O. | |
| 245 | 1 | _aCausas de óbitos em animais durante exposições agropecuárias (Expointer)nos anos de 1996 a 2001 | |
| 650 | _aBOVINO | ||
| 650 | _aOVINO | ||
| 650 | _aEQUINO | ||
| 650 | _aDOENÇA ANIMAL | ||
| 650 | _aAUTOPSIA | ||
| 650 | _aLESÃO HISTOPATOLÓGICA | ||
| 650 | _aHISTOLOGIA | ||
| 650 | _aESTATÍSTICA | ||
| 773 | 0 |
_tHora Veterinária (Brazil) _xISSN 0101-9163 _g(Mar-Apr 2003), v. 22(132) p. 24-30 _wBR0305791 |
|
| 909 |
_a202311 _bLúcia _c55 _dLúcia Elande |
||
| 942 |
_2AGRIS _n0 _cANA |
||
| 999 |
_c176787 _d176787 |
||